logo

Bir Sreshtho Munshi Abdur Rouf Library
Jhenaidah Cadet College

বডি ল্যাংগুয়েজ / (Record no. 11498)

MARC details
000 -LEADER
fixed length control field 00808nam a2200229 a 4500
001 - CONTROL NUMBER
JCCL Control Number 11498
003 - CONTROL NUMBER IDENTIFIER
JCCL marc code BD-JhCC
005 - DATE AND TIME OF LATEST TRANSACTION
control field 20221107134024.0
008 - FIXED-LENGTH DATA ELEMENTS--GENERAL INFORMATION
fixed length control field 190624b 2019bg a|||| ||a| 000 0 ben d
020 ## - INTERNATIONAL STANDARD BOOK NUMBER
International Standard Book Number 9789849268185
035 ## - SYSTEM CONTROL NUMBER
system control number (BD-JhCC)11498
040 ## - CATALOGING SOURCE
Original cataloging agency BD-JhCC
Modifying agency BD-JhCC
041 ## - LANGUAGE CODE
Language code of Book ben
082 ## - DEWEY DECIMAL CLASSIFICATION NUMBER
Author mark and Year PIS 2019
Classification number 153.69
100 ## - MAIN ENTRY--PERSONAL NAME
Personal name পীস, এলান
245 ## - TITLE STATEMENT
Title বডি ল্যাংগুয়েজ /
Statement of responsibility, etc এলান পীস, অনু: ফারজানা রহমান শিমু ।
260 ## - PUBLICATION, DISTRIBUTION, ETC. (IMPRINT)
Place of publication, distribution, etc ঢাকা:
Name of publisher, distributor, etc চর্চা গ্রন্থ প্রকাশ;
Date of publication, distribution, etc ২০১৯.
300 ## - PHYSICAL DESCRIPTION
Pagination ১৭৫ পৃ. :
Other physical details ill;
Dimensions ২২ সেমি.
700 ## - ADDED ENTRY--PERSONAL NAME
Personal name শিমু, ফারজানা রহমান
942 ## - ADDED ENTRY ELEMENTS (KOHA)
Source of classification or shelving scheme Dewey Decimal Classification
Koha item type Books
Koha issues (borrowed), all copies 5
Holdings
Source of classification or shelving scheme Damaged status Not for loan Home library Current library Shelving location Date of accession Cost, normal purchase price Total Checkouts Full call number Barcode Date last seen Date checked out Copy number Koha item type
Dewey Decimal Classification     JCC Rouf Library JCC Rouf Library General Stacks 06/24/2019 275.00 10 153.69 PIS 2019 15668 11/12/2025 11/05/2025 C-1 Books

JCC Library | Contacts | JCC Home

Last Update on 23 September 2017
Copyright @ 2017-2020 JCC Rouf Library
Rouf Library, Jhenidah Cadet College (JCC), Bangladesh